000 00821nam a2200229Ia 4500
003 OSt
005 20220927105640.0
006 a|||||r|||| 00| 0
007 ta
008 220926b |||||||| |||| 00| 0 eng d
024 _a194044
037 _cReference Collections
040 _aRTL
_cRTL
_beng
041 _2eng
_aeng
082 _a"Y9(L:5)n1,N80, Q1/RR"
100 _aKRONENFELD Jennie Jacobs
_9373920
245 0 _a"Research in the sociology of healthcare Vol 29 Kronenfeld (Jennie Jacobd) ed. Acess to care and factors that impact access, patients as partners in care and changing roles of health providers"
260 _aUK
_bEmrald
_c2011
300 _a"xi,297p."
_ccm.
942 _h"Y9(L:5)n1,N80, Q1/RR"
_cCC
999 _c693617
_d693617